Polscy Medaliści Igrzysk Olimpijskich w Podnoszeniu Ciężarów - Statystyki

Ogólne statystyki
  • Ten quiz został rozwiązany 22 razy
  • Średni wynik to 16 z 34
Statystyki odpowiedzi
Wskazówka Odpowiedź % Poprawnych
2000 Sydney Szymon Kołecki
100%
2008 Pekin Szymon Kołecki
100%
2012 Londyn Adrian Zieliński
92%
1956 Melbourne Marian Zieliński
92%
1964 Tokio Marian Zieliński
92%
1968 Meksyk Marian Zieliński
92%
2012 Londyn Tomasz Zieliński
92%
1964 Tokio Waldemar Baszanowski
77%
1968 Meksyk Waldemar Baszanowski
77%
1960 Rzym Ireneusz Paliński
62%
1964 Tokio Ireneusz Paliński
62%
1972 Monachium Zygmunt Smalcerz
62%
2012 Londyn Bartłomiej Bonk
54%
2000 Sydney Agata Wróbel
46%
2004 Ateny Agata Wróbel
46%
2008 Pekin Marcin Dołęga
46%
1992 Barcelona Waldemar Malak
38%
1972 Monachium Zbigniew Kaczmarek
38%
1996 Atlanta Andrzej Cofalik
31%
1976 Montreal Grzegorz Cziura
31%
1992 Barcelona Krzysztof Siemion
31%
1968 Meksyk Norbert Ozimek
31%
1972 Monachium Norbert Ozimek
31%
1992 Barcelona Sergiusz Wołczaniecki
31%
1960 Rzym Jan Bochenek
23%
1988 Seul Sławomir Zawada
23%
1968 Meksyk Henryk Trębicki
15%
1976 Montreal Kazimierz Czarnecki
15%
1980 Moskwa Marek Seweryn
15%
1980 Moskwa Tadeusz Dembończyk
15%
1976 Montreal Tadeusz Rutkowski
15%
1980 Moskwa Tadeusz Rutkowski
15%
1968 Meksyk Marek Gołąb
8%
1964 Tokio Mieczysław Nowak
0%
Nie znaleziono quizów pasujących do podanych kryteriów
Rozkład punktacji
Procent ludzi z każdym wynikiem
Percentyl według liczby udzielonych odpowiedzi
Twoja historia wyników
Nie rozwiązałeś tego quizu